The Physical Basis of the Direction of Time
Αποθηκεύτηκε σε:
| Κύριος συγγραφέας: | |
|---|---|
| Μορφή: | Βιβλίο |
| Γλώσσα: | English |
| Δημοσίευση: |
Berlin :
Springer-Verlag,
c1992
|
| Έκδοση: | 2nd ed. |
| Θέματα: | |
| Ετικέτες: |
Προσθήκη ετικέτας
Δεν υπάρχουν, Καταχωρήστε ετικέτα πρώτοι!
|
MARC
| LEADER | 00000nam a2200000 i 4500 | ||
|---|---|---|---|
| 001 | 1/38576 | ||
| 008 | 950126s1992 eng d | ||
| 020 | |a 3-540-54884-X | ||
| 035 | |a 1994 |c ΤΣΑΠΟΓΑΣ |l 10040800 | ||
| 040 | |a GR-MY-UA |b gre |e aacr | ||
| 041 | 0 | |a eng | |
| 082 | 0 | |a 530.11 | |
| 100 | 1 | |a Zeh, H. D. |q (Heinz Dieter) |d 1932- | |
| 245 | 1 | 4 | |a The Physical Basis of the Direction of Time / |c H.-Dieter Zeh |
| 246 | 3 | 3 | |a The Direction of Time |
| 250 | |a 2nd ed. | ||
| 260 | |a Berlin : |b Springer-Verlag, |c c1992 | ||
| 300 | |a 188 p.; |c 24 cm. | ||
| 500 | |a Includes bibliographical references and index | ||
| 650 | 0 | 0 | |a Space and time. |
| 650 | 0 | 0 | |a Time. |
| 650 | 0 | 0 | |a Physics |x Philosophy. |
| 650 | 0 | 0 | |a Thermodynamics. |
| 852 | |a INST |b SAMOS |e 19950126 |h 530.11 ZEH |p 005300006223 |q 005300006223 |t BK |y 0 | ||
| 909 | |a Σ |b 035584 | ||